00925cam a2200193 a 4500001000800000005001700008008004100025020001500066040001800081082002100099245020500120260005100325300001300376500020500389650002500594942000600619952009300625999001300718306733520240226061555.0960614s1996 ce 000 0 eng  a9559528440 aDLCcDLCdDLC00a322.4.221bBRI.00aBritain, World War 2 & the Sama Samajists :ba study of the documents contained in the secret files maintained by the Public Record Office, London /cedited by Wesley S. Muthiah and Sydney Wanasinghe. aColombo :bYoung Socialist Publication,c1996. a259 p. ; a"These papers reveal how in 1940-42 the British imperial government persecuted, suppressed, and incarcerated the leaders of the Lanka Sama Samaja Party, because of their opposition to the War"--Cover. 0aWorld War, 1939-1945 cL 001040708LaWERCLbWERCLd2024-02-26l0o322.4. BRI.p5366r2024-02-26w2024-02-26yL c490d490